[Event "SLO-ch U12"]
[Site "Murska Sobota"]
[Date "2007.02.26"]
[Round "2"]
[White "Abe, Blaz"]
[Black "Hostnik, Miha"]
[Result "1-0"]
[WhiteElo "1556"]
[BlackElo "1500"]
[PlyCount "93"]
[EventDate "2007.02.25"]
[EventType "swiss"]
[EventRounds "9"]
[EventCountry "SLO"]
[SourceTitle "CBM 117 Extra"]
[Source "ChessBase"]
[SourceDate "2007.05.09"]
[SourceVersion "1"]
[SourceVersionDate "2007.05.09"]
[SourceQuality "1"]

1. e4 e5 2. Nf3 Nc6 3. Bc4 Nf6 4. Nc3 Bb4 5. 0-0 0-0 6. a3 Bxc3 7. dxc3 d6 8. Bg5 Bg4 9. h3 Bxf3 10. Qxf3 h6 11. Bh4 Na5 12. Ba2 c6 13. Qd3 d5 14. exd5 cxd5 15. Bxf6 Qxf6 16. Qxd5 Nc6 17. Rad1 Rad8 18. Qb3 Rxd1 19. Rxd1 Rd8 20. Rxd8+ Nxd8 21. Qa4 Nc6 22. Qb5 b6 23. Bd5 Ne7 24. Qe8+ Kh7 25. Bxf7 g6 26. Bc4 h5 27. b4 Nc6 28. Bd5 Ne7 29. Be4 a5 30. bxa5 bxa5 31. c4 Kg7 32. a4 Qf8 33. Qxf8+ Kxf8 34. Kf1 Nc8 35. c5 Kf7 36. Ke2 Kf6 37. Kd3 g5 38. Kc4 Ke6 39. Kb5 Na7+ 40. Kxa5 Kd7 41. Kb6 Nc8+ 42. Kb7 Ne7 43. c6+ Ke8 44. c7 Kd7 45. Bf5+ Kd6 46. c8Q Nxc8 47. Bxc8 1-0